Loading...
கலகம் செய்யும் இடது கை
| Main Authors: | , |
|---|---|
| Format: | Printed Book |
| Published: |
Chennai
Natrinai Pathippagam
2012
|
| Subjects: |
| LEADER | 00649nam a22001697a 4500 | ||
|---|---|---|---|
| 020 | |a 9788192366883 | ||
| 082 | |a 894.811301 |b VEN/K | ||
| 100 | |a Vengada Soupraya Nayagar | ||
| 100 | |a வெங்கட சுப்புராய நாயகர் | ||
| 240 | |a Kalagam Seiyum Idathu Kai | ||
| 245 | |a கலகம் செய்யும் இடது கை | ||
| 260 | |a Chennai |b Natrinai Pathippagam |c 2012 | ||
| 300 | |a 128p. | ||
| 650 | |a Tamil Short Story | ||
| 942 | |c BK | ||
| 999 | |c 316397 |d 316397 | ||
| 952 | |0 0 |1 0 |4 0 |6 894_811301000000000_VEN_K |7 0 |9 338400 |a TAM |b TAM |d 2020-12-03 |g 90.00 |l 0 |o 894.811301 VEN/K |p TAM28476 |r 2020-12-03 |w 2020-12-03 |y BK | ||